Through my eyes / (Record no. 114468)
[ view plain ]
| 000 -LEADER | |
|---|---|
| fixed length control field | 00684nam a2200169 a 4500 |
| 005 - DATE AND TIME OF LATEST TRANSACTION | |
| control field | 20140414132101.0 |
| 008 - FIXED-LENGTH DATA ELEMENTS--GENERAL INFORMATION | |
| fixed length control field | 100717s19uu xx 00 eng d |
| 050 ## - LIBRARY OF CONGRESS CALL NUMBER | |
| Classification number | M 379.2 |
| Item number | B76 1999 |
| 100 ## - MAIN ENTRY--PERSONAL NAME | |
| Personal name | Bridges, Ruby |
| 245 ## - TITLE STATEMENT | |
| Title | Through my eyes / |
| Statement of responsibility, etc | Ruby Bridges ; articles and interviews compiled and edited by Margo Lundell. |
| 250 ## - EDITION STATEMENT | |
| Edition statement | 1st ed |
| 260 ## - PUBLICATION, DISTRIBUTION, ETC. (IMPRINT) | |
| Place of publication, distribution, etc | New York : |
| Name of publisher, distributor, etc | Scholastic, |
| Date of publication, distribution, etc | 1999. |
| 520 ## - SUMMARY, ETC. | |
| Summary, etc | Ruby Bridges recounts the story of her involvement, as a six-year-old, in the integration of her school in New Orleans in 1960. |
| 650 ## - SUBJECT ADDED ENTRY--TOPICAL TERM | |
| Topical term or geographic name as entry element | Bridges, Ruby |
| General subdivision | Juvenile literature. |
| 650 ## - SUBJECT ADDED ENTRY--TOPICAL TERM | |
| Topical term or geographic name as entry element | School integration |
| General subdivision | Louisiana, New Orleans |
| -- | Juvenile literature. |
| Withdrawn status | Lost status | Damaged status | Home library | Current library | Shelving location | Date acquired | Source of acquisition | Total Checkouts | Full call number | Barcode | Date last seen | Price effective from | Koha item type |
|---|---|---|---|---|---|---|---|---|---|---|---|---|---|
| Munich Library | Munich Library | Main Section | 07/17/2010 | M 379.2 B76 1999 | M6307 | 04/14/2014 | 04/14/2014 | Books |